| 000 | 00587nam a22001817a 4500 | ||
|---|---|---|---|
| 008 | 130626t xxu||||| |||| 00| 0 eng d | ||
| 020 | _a978-2257-20426-4 | ||
| 040 |
_aBUAC _cCDIRSP |
||
| 041 | _aFr | ||
| 100 |
_aASTAGNEAU P, ANCELLE T _924840 |
||
| 245 |
_aSurveillance épidémiologique _b : principes, méthodes et application en santé publique _c / P ASTAGNEAU, T ANCELLE |
||
| 260 |
_aParis: _bLavoisier, _c2011 |
||
| 300 | _a360 p. | ||
| 440 |
_a(Médecine Sciences Publications) _924844 |
||
| 500 | _aCompr. Index | ||
| 700 |
_aBRUCKER G _cPréf. _924841 |
||
| 942 | _cLIVR | ||
| 999 |
_c51591 _d51591 |
||